| 000 | 00670nam a2200229 a 4500 | ||
|---|---|---|---|
| 001 | 1238 | ||
| 003 | CDMR | ||
| 005 | 20131210172037.0 | ||
| 008 | 130130s1991||||||||||||||||||||||||||||d | ||
| 020 | _a8473064429 | ||
| 040 |
_aCDMR _bcat _cCDMR |
||
| 100 | 1 |
_aGifreu, Josep _9366 |
|
| 245 | 1 | 0 |
_aEstructura general de la comunicació pública _cJosep Gifreu |
| 260 |
_aBarcelona _c1991 _bPórtic |
||
| 300 | _a301 p. | ||
| 490 | 0 |
_aPòrtic Mèdia _v3 |
|
| 650 | 0 | 4 |
_92190 _aComunicació internacional |
| 650 | 0 | 4 |
_94289 _aComunicació _xAspectes socials |
| 650 | 0 | 4 |
_94180 _aSistemes de telecomunicació |
| 650 | 0 | 4 |
_9405 _aMitjans de comunicació de massa |
| 942 |
_cMON _2udc |
||
| 999 |
_c1238 _d1238 |
||